Два единства (Запись № 4451797)

Подробности
000 -МАРКЕР
контрольное поле 02029nam0a2200409 i 4500
001 - ИДЕНТИФИКАТОР ЗАПИСИ
контрольное поле RU\NLR\bibl\2021793
005 - ИДЕНТИФИКАТОР ВЕРСИИ
контрольное поле 20260406145504.0
010 ## - МЕЖДУНАРОДНЫЙ СТАНДАРТНЫЙ НОМЕР КНИГИ (ISBN)
Номер (ISBN) 9785881900625
Уточнения Вахазар
010 ## - МЕЖДУНАРОДНЫЙ СТАНДАРТНЫЙ НОМЕР КНИГИ (ISBN)
Номер (ISBN) 978-86-83927-62-3
Уточнения ИГАМ
021 ## - НОМЕР ГОСУДАРСТВЕННОЙ РЕГИСТРАЦИИ
Код страны Российская Федерация
Номер 2013-21025
Номер Листа государственной регистраци 1480
035 ## - ДРУГИЕ СИСТЕМНЫЕ НОМЕРА
Идентификатор записи (NLR Aleph) 002010008
100 ## - ДАННЫЕ ОБЩЕЙ ОБРАБОТКИ
Данные общей обработки 20131026d2012 |||y0rusy50 ca
101 0# - ЯЗЫК РЕСУРСА
Язык текста, звукозаписи и т.д. сербский, сербохорв.(кир.)
-- русский
102 ## - СТРАНА ПУБЛИКАЦИИ ИЛИ ПРОИЗВОДСТВА
Страна публикации Российская Федерация
-- Сербия
105 ## - ПОЛЕ КОДИРОВАННЫХ ДАННЫХ: ТЕКСТОВЫЕ МАТЕРИАЛЫ, МОНОГРАФИЧЕСКИЕ
Кодированные данные о монографическом текстовом документе a |||||||||
200 1# - ЗАГЛАВИЕ И СВЕДЕНИЯ ОБ ОТВЕТСТВЕННОСТИ
Основное заглавие Два единства
Параллельное заглавие Два jединства
Сведения, относящиеся к заглавию избранные стихотворения
Первые сведения об ответственности [сост.: Андрей Базилевский
Последующие сведения об ответственности пер. с рус.: Владимир Ягличич и др.
-- рис.: Екатерина Базилевская]
Язык параллельного заглавия сербский, сербохорв.(кир.)
210 ## - ПУБЛИКАЦИЯ, РАСПРОСТРАНЕНИЕ И ДР.
Место издания, распространения и т.д. Москва
Имя издателя, распространителя и т. д. Вахазар
Место издания, распространения и т.д. Белград
Имя издателя, распространителя и т. д. ИГАМ
Дата издания, распространения и т.д. 2012
Имя издателя, распространителя и т. д. ИГАМ
215 ## - ФИЗИЧЕСКАЯ ХАРАКТЕРИСТИКА
Размеры 20
225 1# - СЕРИЯ
Основное заглавие серии Русско-сербская поэтическая библиотека: классика
Параллельное заглавие серии Руско-српска поетска библиотека: класика
Обозначение тома 1
300 ## - ОБЩИЕ ПРИМЕЧАНИЯ
Текст примечания Авт. также на серб. яз.: Фjодор Тjутчев
300 ## - ОБЩИЕ ПРИМЕЧАНИЯ
Текст примечания Текст парал. на рус. и серб. яз.
510 1# - ПАРАЛЛЕЛЬНОЕ ЗАГЛАВИЕ
Связь между полями z48790
Параллельное заглавие Два jединства
Язык заглавия сербский, сербохорв.(кир.)
686 2# - ИНДЕКСЫ ДРУГИХ КЛАССИФИКАЦИЙ
Индекс Ш6(2=Р)52-5
686 2# - ИНДЕКСЫ ДРУГИХ КЛАССИФИКАЦИЙ
Индекс Ш6(2=Р)57серб.
700 #1 - ИМЯ ЛИЦА - ПЕРВИЧНАЯ ОТВЕТСТВЕННОСТЬ
Код отношения Автор
Материалы, к которым относится поле rus
Графика поля Кириллица
Начальный элемент ввода Тютчев
Часть имени, кроме начального элемента ввода Ф. И.
Даты 1803-1873
Расширение инициалов личного имени Федор Иванович
Идентификатор авторитетной/нормативной записи RU\NLR\AUTH\77507
Системный номер авторитетной/нормативной записи 110556
702 #1 - ИМЯ ЛИЦА - ВТОРИЧНАЯ ОТВЕТСТВЕННОСТЬ
Код отношения Автор
Материалы, к которым относится поле rus
Графика поля Кириллица
Начальный элемент ввода Базилевский
Часть имени, кроме начального элемента ввода А. Б.
Даты 1957-2019
Расширение инициалов личного имени Андрей Борисович
Идентификатор авторитетной/нормативной записи RU\NLR\AUTH\774697
Системный номер авторитетной/нормативной записи 114674
702 #1 - ИМЯ ЛИЦА - ВТОРИЧНАЯ ОТВЕТСТВЕННОСТЬ
Начальный элемент ввода Ягличич
Часть имени, кроме начального элемента ввода В.
Расширение инициалов личного имени Владимир
Код отношения Переводчик
702 #1 - ИМЯ ЛИЦА - ВТОРИЧНАЯ ОТВЕТСТВЕННОСТЬ
Начальный элемент ввода Базилевская
Часть имени, кроме начального элемента ввода Е.
Расширение инициалов личного имени Екатерина
Код отношения Иллюстратор
790 #1 - ИМЯ ЛИЦА - АЛЬТЕРНАТИВНАЯ ФОРМА
Код отношения Автор
Графика поля Кириллица
Материалы, к которым относится поле scc
Начальный элемент ввода Тjутчев
Часть имени, кроме начального элемента ввода Ф.
Даты 1803-1873
Расширение инициалов личного имени Фjодор
Системный номер авторитетной/нормативной записи 127043
Идентификатор авторитетной/нормативной записи RU\NLR\AUTH\770127067
801 #0 - ИСТОЧНИК ЗАПИСИ
Страна Российская Федерация
Организация NLR
Дата составления 20130409
Правила каталогизации RCR
801 #1 - ИСТОЧНИК ЗАПИСИ
Страна Российская Федерация
Организация NLR
Дата составления 20130409
942 ## - ДОПОЛНИТЕЛЬНЫЕ ЭЛЕМЕНТЫ ЗАПИСИ (АБИС)
Тип экземпляра АБИС Книга
980 ## - КОЛЛЕКЦИЯ
Название коллекции НБР

Нет доступных экземпляров.